|
|
|
|
| LEADER |
00000nam0a2200000 4500 |
| 001 |
282799 |
| 005 |
20231101235531.0 |
| 035 |
|
|
|a (RuTPU)RU\TPU\book\306775
|
| 090 |
|
|
|a 282799
|
| 100 |
|
|
|a 20150203d1984 k y0rusy50 ca
|
| 101 |
0 |
|
|a rus
|
| 102 |
|
|
|a RU
|
| 105 |
|
|
|a y z 001zy
|
| 200 |
1 |
|
|a Дифференциальные игры с неполной информацией
|e [монография]
|f Л. А. Петросян, Г. В. Томский
|
| 210 |
|
|
|a Иркутск
|c Изд-во Иркутского ун-та
|d 1984
|
| 215 |
|
|
|a 187 с.
|
| 320 |
|
|
|a Библиогр.: с. 180-187
|
| 606 |
1 |
|
|a Дифференциальные игры
|2 stltpush
|3 (RuTPU)RU\TPU\subj\9690
|9 36872
|
| 610 |
1 |
|
|a монографии
|
| 610 |
1 |
|
|a конфликтные ситуации
|
| 610 |
1 |
|
|a описание
|
| 610 |
1 |
|
|a динамические игры
|
| 610 |
1 |
|
|a неполная информированность
|
| 610 |
1 |
|
|a неполная информация
|
| 675 |
|
|
|a 517.977.8
|v 4
|
| 700 |
|
1 |
|a Петросян
|b Л. А.
|
| 701 |
|
1 |
|a Томский
|b Г. В.
|
| 801 |
|
1 |
|a RU
|b 63413507
|c 20150203
|
| 801 |
|
2 |
|a RU
|b 63413507
|c 20170804
|g RCR
|
| 942 |
|
|
|c BK
|